LIBRARY ONLINE CATALOGUE

Evolution of networks : (Record no. 6886)

MARC details
000 -LEADER
fixed length control field 00975nam a22002652 4500
001 - CONTROL NUMBER
control field 0000005171
005 - DATE AND TIME OF LATEST TRANSACTION
control field 20151217151954.0
008 - FIXED-LENGTH DATA ELEMENTS--GENERAL INFORMATION
fixed length control field 070607s xx 000 0 eng d
020 ## - INTERNATIONAL STANDARD BOOK NUMBER
International Standard Book Number 0198515901 :
Terms of availability KES 7,443
040 ## - CATALOGING SOURCE
Original cataloging agency KABU
Transcribing agency KABU
050 #0 - LIBRARY OF CONGRESS CALL NUMBER
Classification number TK5105.5
Item number .D67
100 1# - MAIN ENTRY--PERSONAL NAME
Personal name Dorogovtsev, Sergei N.
-- 0000156317
245 10 - TITLE STATEMENT
Title Evolution of networks :
Remainder of title from biological nets to the internet and WWW /
Statement of responsibility, etc. S. N. Dorogovtsev, J. F. F. Mendes.
260 ## - PUBLICATION, DISTRIBUTION, ETC. (IMPRINT)
Place of publication, distribution, etc. Oxford ;
-- New York :
Name of publisher, distributor, etc. Oxford University Press,
Date of publication, distribution, etc. 2003.
300 ## - PHYSICAL DESCRIPTION
Extent ix, 264 p. :
Other physical details ill. ;
Dimensions 25 cm.
504 ## - BIBLIOGRAPHY, ETC. NOTE
Bibliography, etc Includes bibliographical references (p. 241-262) and index.
650 #0 - SUBJECT ADDED ENTRY--TOPICAL TERM
Topical term or geographic name as entry element Computer networks.
-- 0000148214
650 #0 - SUBJECT ADDED ENTRY--TOPICAL TERM
Topical term or geographic name as entry element System analysis.
-- 0000148439
650 #0 - SUBJECT ADDED ENTRY--TOPICAL TERM
Topical term or geographic name as entry element Information networks.
-- 0000150293
700 1# - ADDED ENTRY--PERSONAL NAME
Personal name Mendes, Jose F. F.
-- 0000156318
908 ## - PUT COMMAND PARAMETER (RLIN)
Put command parameter 070607
950 ## - LOCAL HOLDINGS (RLIN)
-- 1
Holdings
Withdrawn status Lost status Source of classification or shelving scheme Not for loan Home library Current library Date acquired Total Checkouts Full call number Barcode Date last seen Price effective from Koha item type
    Library of Congress Classification   Kabarak, Main Campus Kabarak, Main Campus 17/12/2015   TK5105.5 .D67 008166 17/12/2015 17/12/2015 General Collection
    Library of Congress Classification   Kabarak, Main Campus Kabarak, Main Campus 17/12/2015   TK5105.5 .D67 012890 17/12/2015 17/12/2015 General Collection